| 000 | 00399nam a2200145Ia 4500 | ||
|---|---|---|---|
| 005 | 20250729165759.0 | ||
| 008 | 250729s2017 xx 000 0 und d | ||
| 041 | _aeng | ||
| 082 | _a370.25 YADP | ||
| 100 |
_aDr.S.B.Yadawada _9232849 |
||
| 245 | _aPhilosophical and Sociological Bases of Education | ||
| 260 |
_aGadag _bVidyanidhi Prakashana _c2017 |
||
| 300 | _a396p | ||
| 650 |
_aEducation _9232850 |
||
| 999 |
_c239987 _d239987 |
||